01695agaaa2200289 45000010005000000030009000050050017000140070009000310080040000400400023000800410013001031000051001161300025001672450153001922500022003452600130003673000033004975080090005305110083006205200413007035380016011165460013011326500075011457000063012207000065012837000057013489641IT-RoPAU20220918181250.0d cvaizq50131s9999||||xx ||| | || ||und|| aIT-RoPAUcIT-RoPAU aITALIANO aRafaiani SerafinogCodice regista SPICS: 39839 aCOSE INVISIBILI (LE) aCOSE INVISIBILI (LE)cSceneggiatura: Rafaiani Serafino -- Diretto da: Rafaiani SerafinopCOSE INVISIBILI (LE) (Rif. Codice opera principale : B9641) aEdizione Standard aASCOLI PICENO (ITALIA)bFRATI MINORI CAPPUCCINI / Distribuzione: ALL SERVICEg"1990 (1° ed.: 1990 ; Ed. Lingua Orig.: 1990)" aVHSbsonoro, col.c45 minuti a"Fotografia: Rossi Piero; Musica: Silvetti Paolo; Sceneggiatura: Rafaiani Serafino; " a"Giorgi Silvia; Tarini Roberta; Borgiani Ada; Conti Emanuela; Fabrizi Sabrina" aSUOR SILVIA UNA GIOVANE CLARISSA RIVIVE IN QUESTO VIDEOFILM ALCUNI MOMENTIDI VITA E LE TAPPE PIU' IMPORTANTI DEL SUO CAMMINO VERSO LA CLAUSURA PRIMAFRA TUTTE L'AMICIZIA CON SUOR CHIARA UNA CLAUSTRALE MALATA DI LEUCEMIA INCONTRATA IN OSPEDALE. SILVIA GIOVANE STUDENTESSA DI MEDICINA SI INTRATTIENE SPESSO CON SUOR CHIARA CHE LE FA SCOPRIRE PIAN PIANO L'ESISTENZA DI UNA VITA DI FEDE. DOCUMENTARIO VOCAZIONALE. aPAL, STEREO aITALIANO aDOCUMENTARIOeTV-PROGRAMMI RELIGIOSI [VHS]xCodice MATERIA SPICS: 9963 aRafaiani Serafino e(regista)gCodice regista SPICS: 39839 aRafaiani Serafino e(soggetto)gCodice Soggetto SPICS: 39839 aSilvetti Paoloe(musica)gCodice Musica SPICS: 39840